000 00319 a2200109 4500
001 ART_46292
005 20260410161925.0
008 260409a
245 1 0 _aRationality and social choice
100 1 _aSen, Amartya
773 0 _tThe American Economic Review
_g- Vol. 85, NÂș 1 (mar. 1995)
_wREV16190
999 _c28088
_d28088